| 000 | 00769nam a22002175a 4500 | ||
|---|---|---|---|
| 005 | 20171126132059.0 | ||
| 008 | 171126t2010 ii a fr 000 0 eng d | ||
| 020 | _a9788184489651 | ||
| 040 |
_aEG-ScBUE _beng _cEG-ScBUE _dEG-ScBUE |
||
| 082 | 0 | 4 |
_222 _a617.6076 _bSAI |
| 100 | 1 | _aSaini, Himani. | |
| 245 | 1 | 0 |
_aBhatia's Dentogist : _bMCQs in dentistry, with explanatory answers : _cHimani Saini. |
| 246 | 3 | 4 |
_aBhatia's Dentogist : _bMCQs in dentistry with explanatory answers : basic sciences. |
| 250 | _a6th ed. | ||
| 260 |
_aNew Delhi : _bJaypee Brothers Medical Publishers, _cc.2010. |
||
| 300 |
_a692 p. : _bill. ; _c28 cm. |
||
| 650 | 7 |
_2BUEsh _940774 _aDentistry _vExaminations, questions, etc. |
|
| 651 | _2BUEsh | ||
| 653 |
_bDDent _cNovember2017 |
||
| 942 | _2ddc | ||
| 999 |
_c25665 _d25637 |
||